Colors of the New York subway lines (sudden death) - Statistics

General Stats
  • This quiz has been taken 21 times
  • The average score is 5 of 7
Answers on the Grid
Answers color-coded by a green-red scale on the quiz's grid according to % correct below.
Orange
White
Purple
Black
Brown
Blue
Ochre
Yellow
Pink
Grey
Silver
 
Answer Stats
Answer % Correct
Orange
94%
Yellow
83%
Blue
67%
Brown
61%
Grey
61%
Purple
61%
Silver
33%
No matching quizzes found
Score Distribution
Percent of People with Each Score
Percentile by Number Answered
Your Score History
You have not taken this quiz